000 00375 a2200121 4500
001 ART_6052
005 20260410161618.0
008 260409a
245 1 0 _aDirectores de S.A. Sistema de elección por voto acumulativo (Parte 2)
100 1 _aSenderovich, Isaac Aizik
700 1 _aBerenstein, Regina
773 0 _tEnfoques
_g- Nº 1 (ene. 2008)
_wREV416
999 _c11303
_d11303